Guess the kdramas by characters(easy) - Statistics

General Stats
  • This quiz has been taken 920 times
  • The average score is 11 of 15
Answer Stats
Picture Answer % Correct
Squid Game
99%
True Beauty
91%
Vincenzo
84%
My Demon
82%
A Business Proposal
81%
All Of Us Are Dead
79%
It's Okay To Not Be Okay
76%
Goblin
74%
Crash Landing On You
73%
Queen Of Tears
66%
Descendants Of The Sun
63%
Snowdrop
63%
Extraordinary Attorney Woo
55%
Revenge Of Others
44%
Big Mouth
40%
No matching quizzes found
Score Distribution
Percent of People with Each Score
Percentile by Number Answered
Your Score History
You have not taken this quiz